000 00715nam a2200193 i 4500
001 101808
003 ES-MaACL
005 20230906183002.0
007 t|
008 051025s1982 sp ||||1| spa d
080 _a394.46(460.33 Caravaca)
100 1 _aMelgares Guerrero, José Antonio.
_979956
245 1 3 _aLa fiesta de los "Caballos del vino" :
_bmonumento etnológico del noroeste murciano /
_cJosé Antonio Melgares Guerrero, María Amparo Martínez Cuadrado.
260 _aMurcia :
_b[s.n.],
_c1982 (
_fSuc. de Nogués)
300 _a16 p. ;
_c22 cm.
650 4 _aFiestas-
_zMurcia (Comunidad Autónoma)
_9173681
700 1 _aMartínez Cuadrado, María Amparo.
_977962
852 _aES-MaACL
_j2123-F-21
999 _c101808
_d101808